| 000 | 00661cac a2200229 a 4500 | ||
|---|---|---|---|
| 003 | Co-PeBPM | ||
| 005 | 20250425160840.0 | ||
| 008 | 231129e1980||||xx ab|||||||||||| ||spa|| | ||
| 020 | _a9682304679 | ||
| 040 | 0 |
_aCo-PeBPM _bspa _cCo-PeBPM _erda |
|
| 041 | _aspa | ||
| 082 | 0 | 4 |
_a410 M266n _222 |
| 100 | 1 |
_aMalmberg , Bertil _eAutor |
|
| 245 | 1 | 0 |
_aLos Nuevos Caminos De La Lingüística _c/Bertil Malmberg |
| 260 |
_aMéxico _b: Editorial Siglo Veintiuno _c,1980 |
||
| 300 |
_a251 Páginas _c; 21 Centímetros |
||
| 500 | _aIncluye Índice. | ||
| 650 | 1 | 4 |
_2LEMB _aLingüística |
| 650 | 1 | 4 |
_2LEMB _aEnsayos |
| 650 | 1 | 4 |
_2LEMB _aSemántica |
| 942 |
_2ddc _cBK |
||
| 999 |
_c19888 _d19888 |
||